Структурные методы разработки систем: от стратегического планирования до тестирования: пер. с англ.

Bibliografski detalji
Glavni autor: Коллинз Г. Гарфилд
Daljnji autori: Блэй Дж. Джиллиан
Jezik:ruski
Izdano: Москва, Финансы и статистика, 1986
Teme:
Format: Knjiga
KOHA link:https://koha.lib.tpu.ru/cgi-bin/koha/opac-detail.pl?biblionumber=34960

MARC

LEADER 00000nam0a2200000 4500
001 34960
005 20231030232055.0
035 |a (RuTPU)RU\TPU\book\35376 
035 |a BOOK00002028 
090 |a 34960 
100 |a 20011210d1986 km y0rusy50 ca 
101 1 |a rus  |c eng 
102 |a RU 
105 |a y z 000zy 
200 1 |a Структурные методы разработки систем: от стратегического планирования до тестирования  |e пер. с англ.  |f Г. Коллинз, Дж. Блэй 
210 |a Москва  |c Финансы и статистика  |d 1986 
215 |a 264 с. 
610 1 |a технологии программирования 
610 1 |a информационные системы 
610 1 |a разработка 
610 1 |a проектирование 
610 1 |a программирование 
675 |a 681.518  |v 3 
700 1 |a Коллинз  |b Г.  |g Гарфилд 
701 1 |a Блэй  |b Дж.  |g Джиллиан 
801 0 |a RU  |b 63413507  |c 20011210  |g PSBO 
801 2 |a RU  |b 63413507  |c 20140901  |g PSBO 
900 |a Основы технологии программирования 
900 |a Интегрированные компьютерные системы управления технологическими процессами 
900 |a Системный анализ и принятие решений 
942 |c BK